Hospodáření podle rozpočtu a úspornost v sovětském hospodářství

Gespeichert in:
Bibliographische Detailangaben
Format: Buch
Sprache:Tschechisch
Veröffentlicht: Praha Svoboda 1950
Tags: Tag hinzufügen
Keine Tags, Fügen Sie das erste Tag hinzu!

MARC

LEADER 00000nam a2200000 4500
001 0308596
005 20250515123417.2
041 0 |a cze 
044 |a CZ 
245 1 0 |a Hospodáření podle rozpočtu a úspornost v sovětském hospodářství  |c Nikolaj Michajlovič Kornilov 
264 1 |a Praha  |b Svoboda  |c 1950